Longman lexicon of contemporary English
保存先:
| 第一著者: | |
|---|---|
| フォーマット: | 図書 |
| 言語: | Undetermined |
| 出版事項: |
Essex
Longman
1997
|
| 主題: | |
| タグ: |
タグ追加
タグなし, このレコードへの初めてのタグを付けませんか!
|
| Thư viện lưu trữ: | Trung tâm Học liệu Trường Đại học Cần Thơ |
|---|
| LEADER | 00508nam a2200193Ia 4500 | ||
|---|---|---|---|
| 001 | CTU_35541 | ||
| 008 | 210402s9999 xx 000 0 und d | ||
| 020 | |b 78.000đ | ||
| 082 | |a 423 | ||
| 082 | |b M116 | ||
| 100 | |a Tom McArthur | ||
| 245 | 0 | |a Longman lexicon of contemporary English | |
| 245 | 0 | |c Tom McArthur | |
| 260 | |a Essex | ||
| 260 | |b Longman | ||
| 260 | |c 1997 | ||
| 650 | |a english language - dictionaries | ||
| 904 | |i Minh, 000303 | ||
| 980 | |a Trung tâm Học liệu Trường Đại học Cần Thơ | ||